Bilder von Fussballspielern des 20. Jahrhunderts - Statistiken

Allgemein
  • Dieses Quiz wurde 240 mal gespielt
  • Das Durchschnittsergebnis liegt bei 9 aus 20
Antwortstatistiken
Bildquiz Hint Antwort % Korrekt
Deutschland Gerd Müller
94%
Portugal Eusebio
92%
Frankreich Michel Platini
75%
Liberia George Weah
74%
Niederlande Marco van Basten
72%
Schweden Henrik Larsson
71%
Rumanien Gheorge Hagi
70%
Irland Roy Keane
70%
Dänemark Michael Laudrup
60%
Kolumbien Carlos Valderrama
54%
Italien Dino Zoff
39%
Mexiko Hugo Sanchez
35%
Argentinien Mario Kempes
24%
Kamerun Roger Milla
23%
Brasilien Bebeto
15%
UDSSR Oleg Blochin
15%
England Kevin Keegan
13%
Peru Teofilo Cubillas
12%
Polen Zbigniew Boniek
11%
Schottland Gordon Strachan
4%
Keine übereinstimmenden Quizze gefunden
Verteilung der Resultate
Anzahl Personen mit jedem Resultat
Perzentil nach korrekt beantworteten Fragen
Ihre Resultats-Entwicklung
Sie haben dieses Quiz noch nicht gespielt